La percepción del hostigamiento y acoso sexual en mujeres estudiantes en dos instituciones de educación superior.

Guardat en:
Dades bibliogràfiques
Autor principal: Hernández Herrera, Claudia Alejandra (autor)
Altres autors: Jiménez García, Martha (autor) (autor), Guadarrama Tapia, Eduardo (autor) (autor)
Format: Llibre
Idioma:espanyol
Matèries:
Accés en línia:Ver documento en línea
Etiquetes: Afegir etiqueta
Sense etiquetes, Sigues el primer a etiquetar aquest registre!

MARC

LEADER 00000nam^a2200000^u^4500
001 000534250
005 20260414000000.0
008 160620s10001000^^^^cr^^r^^^^^000^0^spa^d
009 20260414175007.126
022 |a 01852760 
035 |a FCE 000078498 
037 |a Acervo ITESO - Biblioteca 
041 |a spa 
095 |a REVISTA DE LA EDUCACION SUPERIOR (PDF)  |b 176/2015 
100 |a Hernández Herrera, Claudia Alejandra  |e (autor) 
245 1 4 |a La percepción del hostigamiento y acoso sexual en mujeres estudiantes en dos instituciones de educación superior. 
264 |a México :  |b ANUIES,  |c 2015. 
300 |a pp. 63-82 
336 |a texto  |b txt  |2 rdacontenido 
337 |a sin mediación  |b n  |2 rdamedio 
338 |a volumen  |b nc  |2 rdasoporte 
649 |a XX 
650 |a Educación superior 
650 |a Mujeres 
650 |a Hostigamiento y acoso sexual 
650 |a Expresiones de acoso sexual 
740 |g no. 176, oct.-dic. 2015, pp. 63-82  |t Revista de la Educación Superior, 
700 |a Jiménez García, Martha  |e (autor) 
700 |a Guadarrama Tapia, Eduardo  |e (autor) 
856 4 0 |u https://publicaciones.anuies.mx/pdfs/revista/Revista176_S3A3ES.pdf  |y Ver documento en línea 
910 |a Fondo Centro de Estudios Educativos 
920 |a Impresos - Libros 
930 |a Fondos Especiales 
905 |a 133 
902 |a https://opac.biblio.iteso.mx/vufind/Record/000534250